|
|
|
|
| LEADER |
00000nam2a2200000 4500 |
| 001 |
44565 |
| 005 |
20231031022401.0 |
| 010 |
|
|
|a 5934551159
|
| 035 |
|
|
|a (RuTPU)RU\TPU\book\46283
|
| 090 |
|
|
|a 44565
|
| 100 |
|
|
|a 20021122d2001 m y0rusy50 ca
|
| 101 |
0 |
|
|a rus
|
| 102 |
|
|
|a RU
|
| 105 |
|
|
|a a j 000zy
|
| 200 |
0 |
|
|a Ч. 1
|
| 210 |
|
|
|d 2001
|
| 215 |
|
|
|a 143 с.
|c ил.
|
| 461 |
|
1 |
|0 (RuTPU)RU\TPU\book\47492
|t Qbasic в математике. Решение задач с помощью компьютера
|f Н. Н. Ставнистый
|v Ч. 1
|d 2001
|
| 610 |
1 |
|
|a прикладная математика
|
| 610 |
1 |
|
|a задачи
|
| 610 |
1 |
|
|a решения
|
| 610 |
1 |
|
|a ЭВМ
|
| 610 |
1 |
|
|a компьютеры
|
| 610 |
1 |
|
|a программирование
|
| 610 |
1 |
|
|a ветвления
|
| 610 |
1 |
|
|a циклы
|
| 610 |
1 |
|
|a графика
|
| 610 |
1 |
|
|a рекуррентные формулы
|
| 610 |
1 |
|
|a вычисления
|
| 610 |
1 |
|
|a языки программирования
|
| 610 |
1 |
|
|a практические пособия
|
| 610 |
1 |
|
|a учебные пособия
|
| 610 |
1 |
|
|a QBASIC
|
| 675 |
|
|
|a 519.6(076)
|v 3
|
| 801 |
|
1 |
|a RU
|b 63413507
|c 20021122
|g PSBO
|
| 801 |
|
2 |
|a RU
|b 63413507
|c 20130528
|g PSBO
|
| 942 |
|
|
|c BK
|